Kärnten im Mosaik der Erde (Запис № 516391)

МАРК-запис
000 -LEADER
fixed length control field 01077cam a2200241Mi 4500
001 - CONTROL NUMBER
control field krntenimmosaik00fant
003 - CONTROL NUMBER IDENTIFIER
control field CaSfIA
005 - DATE AND TIME OF LATEST TRANSACTION
control field 20210118162624.0
007 - PHYSICAL DESCRIPTION FIXED FIELD--GENERAL INFORMATION
fixed length control field cr||||
008 - FIXED-LENGTH DATA ELEMENTS--GENERAL INFORMATION
fixed length control field 090118s1974 xx 000 0 und d
040 ## - CATALOGING SOURCE
Original cataloging agency GEBAY
Description conventions rakwb
Language of cataloging ger
Transcribing agency GEBAY
Modifying agency CaSfIA
035 ## - SYSTEM CONTROL NUMBER
System control number (OCoLC)300169825
029 1# - (OCLC)
OCLC library identifier GEBAY
System control number 10991634
100 1# - MAIN ENTRY--PERSONAL NAME
Personal name Fantur, Werner
245 00 - TITLE STATEMENT
Title Kärnten im Mosaik der Erde
Medium [electronic resource]
260 ## - PUBLICATION, DISTRIBUTION, ETC. (IMPRINT)
Place of publication, distribution, etc Klagenfurt
Name of publisher, distributor, etc Verl. Carinthia
Date of publication, distribution, etc 1974
300 ## - PHYSICAL DESCRIPTION
Extent 303 S. :
Other physical details zahlr. Ill.
506 ## - RESTRICTIONS ON ACCESS NOTE
Standardized terminology for access restriction Необхідна авторизація на https://archive.org/ (створення облікового запису безкоштовно)
506 ## - RESTRICTIONS ON ACCESS NOTE
Standardized terminology for access restriction Необхідна авторизація на https://openlibrary.org/ (створення облікового запису безкоштовно)
856 41 - ELECTRONIC LOCATION AND ACCESS
Uniform Resource Identifier <a href="http://www.archive.org/details/krntenimmosaik00fant">http://www.archive.org/details/krntenimmosaik00fant</a>
Public note Free eBook from the Internet Archive
856 42 - ELECTRONIC LOCATION AND ACCESS
Uniform Resource Identifier <a href="http://www.openlibrary.org/books/OL24373040M">http://www.openlibrary.org/books/OL24373040M</a>
Public note Additional information and access via Open Library
942 ## - ADDED ENTRY ELEMENTS (KOHA)
Koha item type ЕКнига

Немає доступних примірників.